000 00609nam a2200169 a 4500
001 BRCA_1431
005 20190320203427.0
008 831213s1998 sp-a---###---#000-0#spa-d
050 4 _aM33
_b.M36 1998
245 1 0 _aEl mantón de Manila.
260 _aGranada
_bFundación Caja de Granada : Fundación Rodríguez-Acosta
_c1998
300 _a130 p.
_bil. a color
_c23 cm.
650 1 4 _aZarzuelas
_xCuentas del piano. [catálogo antiguo]
_94686
700 1 _aIráizoz, Fiacro
_tEl mantón de Manila. [catálogo antiguo]
_94687
700 1 _aBrull y Ayerra, Melecio
_d1858- [catálogo antiguo]
_94688
942 _2lcc
_cB
999 _c1293
_d1293